000 00747nas a2200265 4500
001 BR9901508
003 BR-BrBNA
005 20231205101328.0
007 ta
008 230509b bl.|||p| |||| 00| 00por d
040 _aBR-BrBNA
_bpor
_cBiblioteca Nacional de Agricultura
041 _a(Pt)
072 _aL74
100 1 _aDal-Farra, R.A.
100 1 _aKilpp, D.V.
245 1 _aFatores geneticos associados a displasia coxo-femoral
650 _aCao
650 _aDisplasia
650 _aRadiografia
650 _aDiagnostico
650 _aGenetica Animal
773 0 _tHora Veterinaria (Brazil)
_xISSN 0101-9163
_g(Nov-Dec 1998), v. 18(106) p. 59-64
_wBR9901508
909 _a202311
_bLúcia
_c55
_dLúcia Elande
942 _2AGRIS
_n0
_cANA
999 _c161166
_d161166